Atletismo

Đã lưu trong:
Chi tiết về thư mục
Định dạng: Sách
Ngôn ngữ:Tiếng Tây Ban Nha
Được phát hành: Barcelona Aura 1976
Loạt:Conozca el juego, 7
Những chủ đề:
Các nhãn: Thêm thẻ
Không có thẻ, Là người đầu tiên thẻ bản ghi này!

MARC

LEADER 00000nam a2200000 a 4500
001 UCY9558
003 CL-VaPUC
008 950717e19760000SP |||||||||||||||||spa|d
082 0 4 |a 796.42  |b ATL  |2 21 
245 1 0 |a Atletismo 
300 |a 40 p 
942 |c BK 
945 |d 19950717 00:00:00  |a cmena 
260 |a Barcelona  |b Aura  |c 1976 
650 0 |a Atletismo  |9 307422 
650 7 |a DEPORTE  |2 CL-VaPUC  |9 341886 
650 7 |a EJERCICIO  |2 CL-VaPUC  |9 310040 
650 0 |a Educación física  |9 240893 
650 7 |a ENTRENAMIENTO ATLETICO  |2 CL-VaPUC  |9 341887 
583 |a last modification  |c 19950717 00:00:00  |k Rodrigo Vera 
490 0 |a Conozca el juego, 7 
999 |c 236635  |d 236633 
952 |0 0  |1 0  |4 0  |6 796_420000000000000_ATL_1976  |7 0  |8 P  |9 244860  |a BIBEDU  |b BIBEDU  |c BIBEDU_PB  |d 2019-11-18  |i 1535471  |o 796.42 ATL 1976  |p 1535471  |r 2024-01-25  |w 2019-11-18  |y BK  |k EDU 
952 |0 0  |1 0  |4 0  |6 796_420000000000000_ATL_1976  |7 0  |8 P  |9 244861  |a BIBEDU  |b BIBEDU  |c BIBEDU_PB  |d 2019-11-18  |i 153548K  |o 796.42 ATL 1976  |p 153548K  |r 2024-01-25  |w 2019-11-18  |y BK  |k EDU